000 005250000a22002050004500
003 LK-CoMWRAF
005 20231122095641.0
008 230817t1993 ||||| |||| 00| 0 eng d
020 _a9559052136
040 _aLK-CoMWRAF
_dLK-CoMWRAF
_eLK-CoMWRAF
041 _aeng
082 _a305.4
_bPEI
100 _aPeiris, Kamala
245 _aWomen in local groups
260 _aColombo:
_bCentre for Women's Research,
_c1993
300 _a28 p.
490 _aWorkshop Paper
_vNo.05
650 _aWOMEN-Sri Lanka
942 _cBK
999 _c2052
_d2052